00808nam a2200253Ia 4500003000400000005001700004006001800021007000300039008004100042024001000083037001100093040001800104041001300122100002500135110008700160245008000247260000900327650003000336700003500366700003500401700008700436942001200523999001900535OSt20220930084418.0a|||||r|||| 00| 0ta220926b |||||||| |||| 00| 0 eng d a84171 cTheses aCRLcCRLbeng 2engaeng aKhanna Raman9537616 aUniversity of Delhi. Faculty of Medical Sciences. Department of Community Medicine 0aEpidemiological profile of ear diseases in primary school children of Delhi c2005 aCOMMUNITY HEALTH SERVICES a Dr. J. G. Prasuna Gu.9535928 a Dr. S. K. Pradhan Gu.9535933 aUniversity of Delhi. Faculty of Medical Sciences. Department of Community Medicine cDIS2CC c877173d877173